000 01241nam a2200325Ia 4500
001 ebr10318502
003 CaPaEBR
006 m u
007 cr cn|||||||||
008 990105s1999 mau sb 001 0 eng d
010 _z 99010676
020 _z0674033205 (alk. paper)
020 _z9780674006966
040 _aCaPaEBR
_cCaPaEBR
035 _a(OCoLC)456227234
050 1 4 _aBF1591
_b.F37 1999eb
100 1 _aFaraone, Christopher A.
245 1 0 _aAncient Greek love magic
_h[electronic resource] /
_cChristopher A. Faraone.
260 _aCambridge, Mass. :
_bHarvard University Press,
_c1999.
300 _axii, 223 p.
504 _aIncludes bibliographical references (p. 183-203) and indexes.
533 _aElectronic reproduction.
_bPalo Alto, Calif. :
_cebrary,
_d2009.
_nAvailable via World Wide Web.
_nAccess may be limited to ebrary affiliated libraries.
650 0 _aMagic, Greek.
650 0 _aLove
_zGreece
_xHistory.
650 0 _aSex role
_zGreece
_xHistory.
650 0 _aSex
_zGreece
_xHistory.
655 7 _aElectronic books.
_2local
710 2 _aebrary, Inc.
856 4 0 _uhttp://site.ebrary.com/lib/rucke/Doc?id=10318502
_zAn electronic book accessible through the World Wide Web; click to view
999 _c168748
_d168748